000 00478nam a2200181Ia 4500
005 20250326141710.0
008 250326s9999 xx 000 0 und d
037 _aTextbook
040 _aFMSL
_beng
_cFMSL
041 _aeng
_2eng
084 _qFMSL
100 _aFahey Liam
_9328443
245 0 _aStrategic planning management reader
_cFahey Liam
260 _aEnglewood
_bEnglewood, Prentice-Hall
_c1989
300 _a448p
942 _cTB
999 _c1291552
_d1291552